¿ Democracia procedimental o democracia sustantiva?: la opción por un modelo de integración /

El artículo pretende buscar un equilibrio, y al mismo tiempo señalar una distinción, entre la democracia procedimental y una definición sustantiva de democracia procura entonces, aproximarse a esa polémica con una "definición intermedia", ubicada entre una noción mínima y máxima de democr...

Полное описание

Сохранить в:
Библиографические подробности
Главный автор: Quiroga, Hugo
Формат: Текст
Предметы:
Метки: Добавить метку
Нет меток, Требуется 1-ая метка записи!

MARC

LEADER 00000 a a2200000 04500
001 15413
003
040
100 |a Quiroga, Hugo  
245 |a ¿ Democracia procedimental o democracia sustantiva?:   |b la opción por un modelo de integración /  |c Hugo Quiroga 
520 |a El artículo pretende buscar un equilibrio, y al mismo tiempo señalar una distinción, entre la democracia procedimental y una definición sustantiva de democracia   |a procura entonces, aproximarse a esa polémica con una "definición intermedia", ubicada entre una noción mínima y máxima de democracia, que integra las reglas de procedimiento, valores y políticas democráticas. Se establece en primera instancia un debate sobre la irreconciabilidad de ambos modelos, a través del cual se reconoce la relación entre el procedimiento y las políticas democráticas. Para terminar el autor refiriéndose a los conceptos de estabilidad democrática y ordenn justo  
650 |a DEMOCRACIA  
650 |a INTEGRACION POLITICA  
650 |a CULTURA POLITICA  
650 |a TEORIA POLITICA  
773 |g volumen 7, número 3; páginas 361-374  
999 |c 37836  |d 37836